000 00289nam a2200121 a 4500
008 100920s1964|||| d
245 1 0 _aTemná obloha
100 1 _aEgri, Viktor
260 _bSlovenský spisovateľ
_aBratislava
_c1964
020 _c14,50
044 _axo
_cSK
041 _aslo
999 _c10511
_d10511